000
00258nam a2200109Ia 4500
008
220204s9999 xx 000 0 und d
082
_a
052
_b
MUI
100
_a
Muirden, James
245
0
_a
Guide to astronomy
260
_a
London
_b
Pan books
_c
1972
942
_c
BK
999
_c
25951
_d
25951